00647nam a2200181 a 450000100080000000500110000800800410001910000200006024501130008026001410019330000120033465000210034670000180036770000160038570000180040170000220041970000240044121156472019-12-16 2003 bl uuuu u00u1 u #d1 aOLIVEIRA, C. L. aAjustes das condições de RAPD-PCR para a caracterização genética de pau-rosa (Aniba rosaeodora, Ducke). aIn: ENCONTRO DE GENÉTICA DO AMAZONAS, 4.; ENCONTRO DE GENÉTICA DA REGIÃO NORTE, 1., 2003, Manaus. Livro de resumos. Manaus: SBGc2003 ap. 141. aAniba rosaeodora1 aSANTOS, R. P.1 aCRUZ, J. C.1 aQUISEN, R. C.1 aSAMPAIO, P. T. B.1 aANGELO, P. C. da S.